Municipis més poblats de Mallorca - Estadísticas

Estadísticas generales
  • Esta prueba ha sido intentada 369 veces
  • La puntuación promedio es 10 de 15
Estadísticas de respuestas
Habitants Municipi % Correcto
407.648 Palma
100%
40.831 Manacor
95%
19.586 Alcúdia
90%
30.066 Inca
90%
16.191 Pollença
71%
51.114 Calvià
70%
36.994 Llucmajor
67%
12.149 Andratx
66%
14.150 Sóller
66%
34.583 Marratxí
61%
12.871 Sa Pobla
55%
18.388 Felanitx
52%
13.384 Santanyí
45%
11.922 Santa Margalida
24%
12.165 Son Servera
16%
No se encontraron pruebas coincidentes
Distribución de puntuación
Porcentaje de gente con cada puntuación
Porcentaje por número respondido
Historial de tus puntuaciones
No has intentado esta prueba.